Statistics for Types of Sharks #1

Click here to take the quiz!

General Stats

  • This quiz has been taken 216 times
  • The average score is 6 of 8

Answer Stats

Hint Answer % Correct
Large aggressive shark named for it's faintly striped sidesTiger Shark
96%
The second largest shark in the ocean, feeds mainly on aquatic mammalsGreat White Shark
93%
The largest fish, a filter-feeder exceeding 41 feet (12.5 m) in lengthWhale Shark
91%
Bottom feeder known for it's uniquely shaped headHammerhead Shark
87%
Fastest shark in the ocean, can swim at speeds up to 60 mph (95 kph)Shortfin Mako Shark
83%
Capable of surviving in both saltwater and freshwaterBull Shark
83%
Long, slender, schooling shark preferring deep waters, second fastest sharkBlue Shark
61%
Brown, jagged toothed shark with a large second dorsal finSand Tiger Shark
49%

Score Distribution

Percentile by Number Answered

Percent of People with Each Score

Your Score History

You have not taken this quiz